00331nam a2200121Ia 4500008004100000040001700041041001200058082001400070100001900084245004800103260004100151300001700192230917s9999||||xx |||||||||||||| ||und|| e113116aMAIN aEnglish a330.1 U1W aUnited Nations 0aWorld economic situation and prospects 2006 aNew DelhibAcademic Foundationc2006 axvii, 160 p.